[Event "SPA Open A"]
[Site "Amsterdam NED"]
[Date "2011.07.12"]
[Round "4"]
[White "Ootes,La"]
[Black "Otte,Mari"]
[Result "1/2-1/2"]
[WhiteElo "2376"]
[BlackElo "2244"]

1.e4 c5 2.Nf3 Nc6 3.d4 cxd4 4.Nxd4 e6 5.Nc3 a6 6.Nxc6 bxc6 7.Bd3 e5 8.O-O Nf6
9.f4 d6 10.Kh1 Be7 11.fxe5 dxe5 12.Be3 Be6 13.Na4 Nd7 14.Qe2 Qa5 15.b3 O-O
16.Bd2 Qc7 17.Bxa6 Nf6 18.Bc4 Bg4 19.Qe1 Bh5 20.Bd3 Bg6 21.Nb2 Nd7 22.a4 Nc5
23.Bc3 Rae8 24.Qe3 Nxd3 25.Nxd3 Bd6 26.Bb4 Bxb4 27.Nxb4 Rd8 28.Rfd1 f5 29.exf5 Bxf5
30.Qc5 Kh8 31.a5 Be4 32.Rf1 Qc8 33.Rf2 Rxf2 34.Qxf2 Rf8 35.Qe2 Rf4 36.Rf1 Qf8
37.Rxf4 Qxf4 38.Kg1 Qc1+ 39.Qf1 Qe3+ 40.Qf2 Qc1+ 41.Qf1 Qe3+ 42.Kh1 h5 43.Nd3 Qd2
44.h3 Bxd3 45.Qxd3 Qxa5 46.Qe2 g6 47.Qe4 Kh7 48.c4 Qa1+ 49.Kh2 c5 50.b4 cxb4
51.Qb7+ Kh6 52.Qxb4 Qd4 53.Qf8+ Kh7 54.c5 e4 55.Qd6 Qc3 56.c6 e3 57.Qe7+ Kh6
58.Qf8+ Kh7 59.Qe7+  1/2-1/2

[Event "SPA Open A"]
[Site "Amsterdam NED"]
[Date "2011.07.12"]
[Round "4"]
[White "Van Eekhout,D"]
[Black "Burton,G"]
[Result "1-0"]
[WhiteElo "2173"]
[BlackElo "2051"]

1.e4 c5 2.Nf3 e6 3.d4 cxd4 4.Nxd4 Nc6 5.Nc3 Qc7 6.Be3 a6 7.Qd2 Nf6 8.O-O-O Be7
9.f3 O-O 10.g4 b5 11.g5 Nh5 12.Nce2 Rd8 13.Ng3 Nxd4 14.Bxd4 Nf4 15.h4 Bb7
16.Be3 e5 17.Qf2 Rdc8 18.Nf5 Bf8 19.h5 d5 20.Bxf4 exf4 21.exd5 Rd8 22.Bd3 Bxd5
23.Be4 Bxe4 24.fxe4 Qe5 25.Qf3 Rac8 26.Rxd8 Rxd8 27.g6 Qf6 28.Qxf4 Kh8 29.gxf7 Ba3
30.e5 Qc6 31.bxa3 Qxh1+ 32.Kb2 Qd5 33.Ne7  1-0

[Event "31st Benasque Open"]
[Site "Benasque ESP"]
[Date "2011.07.12"]
[Round "6"]
[White "Naroditsky,D"]
[Black "Franco Ocampos,Z"]
[Result "1/2-1/2"]
[WhiteElo "2451"]
[BlackElo "2502"]

1.e4 c5 2.Nf3 Nc6 3.d4 cxd4 4.Nxd4 e6 5.Nc3 Qc7 6.Be3 a6 7.Qd2 Nf6 8.O-O-O Be7
9.f3 h5 10.Qf2 b5 11.Nxc6 dxc6 12.Bb6 Qf4+ 13.Kb1 O-O 14.g3 Qb8 15.Bc5 Qc7
16.Bxe7 Qxe7 17.e5 Nd5 18.Ne4 f6 19.exf6 Nxf6 20.Qc5 Ra7 21.Nxf6+ Rxf6 22.Qe3 Rd7
23.Bh3 Rd5 24.Rxd5 cxd5 25.f4 Qd6 26.Re1 Bd7 27.Bf1 Be8 28.Bd3 Bg6 29.Qe5 Qb4
30.Bxg6 Rxg6 31.c3 Qc5 32.f5 exf5 33.Qxf5 Qc6 34.Qxh5 Re6 35.Rd1 Rh6 36.Qxd5+ Qxd5
37.Rxd5 Rxh2 38.Rd6 Rg2 39.Rxa6 Rxg3 40.Ra5 Rg5 41.a4 Rg1+ 42.Ka2 bxa4 43.Rxa4 Kf7
44.Rd4 g5 45.b4 Ke6 46.b5 Rf1 47.b6 Rf8 48.c4 g4 49.Rxg4 Kd6 50.Rg5 Kc6 51.c5 Rf3
52.Rg8 Rf7 53.Rg5 Rf3 54.Kb2 Rh3 55.Kc2 Rf3 56.Kd2 Rh3 57.Ke2 Rb3 58.Rh5 Rc3
59.Kf2 Rb3 60.Rf5 Rc3 61.Ke1 Rb3 62.Kd2 Rh3 63.Kc2 Rg3 64.Rf8 Rg7 65.Rc8+ Kb7
66.Rc7+  1/2-1/2

[Event "21st Heart of Finland"]
[Site "Jyvaskyla FIN"]
[Date "2011.07.12"]
[Round "3"]
[White "Nieminen,K"]
[Black "Heinonen,Mauno"]
[Result "1-0"]
[WhiteElo "2169"]
[BlackElo "1810"]

1.e4 c5 2.Nf3 Nc6 3.Nc3 e6 4.d4 cxd4 5.Nxd4 Be7 6.Be3 Nf6 7.f4 Qa5 8.Nb3 Qd8
9.e5 Ng8 10.Qg4 g6 11.O-O-O Nh6 12.Qh3 Nf5 13.Bf2 h5 14.g4 Ng7 15.Bd3 h4
16.Rhe1 a5 17.Na4 O-O 18.f5 Bg5+ 19.Kb1 exf5 20.Bb6 Qe8 21.gxf5 Bd8 22.Bc5 g5
23.Bd6 Nb4 24.f6 Qe6 25.fxg7 Re8 26.Bf5 Qc4 27.Rd4 Qc6 28.Be4 Qxa4 29.Qf5 Qxa2+
30.Kc1 Nd3+ 31.Rxd3  1-0

[Event "111th ch-SUI"]
[Site "Leukerbad SUI"]
[Date "2011.07.12"]
[Round "6"]
[White "Lampert,J"]
[Black "Kaenel,H"]
[Result "1/2-1/2"]
[WhiteElo "2164"]
[BlackElo "2356"]

1.e4 c5 2.Nf3 e6 3.d4 cxd4 4.Nxd4 Nc6 5.Nc3 Qc7 6.Be2 a6 7.O-O Nf6 8.Be3 b5
9.Nxc6 dxc6 10.f4 Bb7 11.e5 Rd8 12.Qe1 Nd7 13.Ne4 c5 14.Bf3 Bxe4 15.Bxe4 c4
16.Qg3 Bc5 17.Bxc5 Qxc5+ 18.Qf2 O-O 19.Rad1 Qxf2+ 20.Kxf2 f6 21.exf6 gxf6
22.Bf3 Nc5 23.Rxd8 Rxd8 24.Rd1 Rxd1 25.Bxd1 Kf7 26.Ke3 Ke7 27.b4 Na4 28.Bf3 Nc3
29.a4 bxa4 30.Kd4 Nd5 31.Kxc4 a3 32.Kb3 Nxb4 33.Kxa3 Nxc2+ 34.Ka4 Ne3 35.Ka5 Nf1
36.h3 Ng3 37.Kxa6 e5 38.fxe5 fxe5 39.Kb5 e4 40.Bxe4 Nxe4 41.Kc4 Ke6 42.Kd4 Kf5
43.Ke3 Nd6 44.Kf3 Kg5 45.g3 Kf5 46.g4+ Ke5 47.Kg3 Ne4+ 48.Kh4 Kf6 49.Kh5 Kg7
50.g5 Nf2 51.h4 Nd3 52.Kg4 Kg6 53.h5+ Kg7 54.Kf5 Nb4 55.h6+ Kf7 56.g6+ hxg6+
57.Kg5 Nd5 58.h7 Kg7 59.h8=Q+ Kxh8 60.Kxg6  1/2-1/2

[Event "ch-Central Serbia Int Open A"]
[Site "Paracin SRB"]
[Date "2011.07.12"]
[Round "5.48"]
[White "Grbic,Br"]
[Black "Miladinovic,L"]
[Result "0-1"]
[WhiteElo "1922"]
[BlackElo "2074"]

1.e4 c5 2.Nf3 e6 3.d4 cxd4 4.Nxd4 Nc6 5.Nc3 Qc7 6.Be3 Nf6 7.f3 a6 8.a3 Be7
9.Be2 O-O 10.O-O d6 11.Nxc6 Qxc6 12.Qd2 b5 13.f4 Bb7 14.Rad1 Rfd8 15.Bf3 Qc7
16.Qf2 Nd7 17.Rd2 Rac8 18.Rfd1 Bc6 19.Ne2 Qb7 20.Ng3 b4 21.axb4 Qxb4 22.Bd4 Qb7
23.Qe3 Bf8 24.b3 Re8 25.Kh1 e5 26.Bb2 Nc5 27.f5 a5 28.Ba3 Bb5 29.Bxc5 Rxc5
30.f6 g6 31.c4 Ba6 32.Rxd6 Rc6 33.R6d5 a4 34.bxa4 Bxc4 35.Rd7 Qa6 36.Ra7 Qc8
37.Rad7 Rxf6 38.Be2 Be6 39.R7d2 Qa8 40.Bb5 Rc8 41.Qg5 Bg7 42.Bc6 Qa5 43.Bd7 h6
44.Qe3 Bxd7 45.Rxd7 Qxa4 46.h3 Rf4 47.Kh2 h5 48.Re1 Qxd7  0-1

[Event "ch-Central Serbia Int Open A"]
[Site "Paracin SRB"]
[Date "2011.07.12"]
[Round "6.14"]
[White "Sarenac,D"]
[Black "Arsovic,Z"]
[Result "1/2-1/2"]
[WhiteElo "2315"]
[BlackElo "2463"]

1.e4 c5 2.Nf3 e6 3.d4 cxd4 4.Nxd4 Nc6 5.Nc3 Qc7 6.Be3 Nf6 7.Qd2 Nxd4 8.Bxd4 e5
9.Be3 Bb4 10.f3 d6 11.O-O-O Be6 12.Bb5+ Ke7 13.a3 Bxc3 14.Qxc3 Qxc3 15.bxc3 Rhc8
16.Kb2 d5 17.exd5 Nxd5 18.Rd3 Nxe3 19.Rxe3 Rc5 20.Ba4 Rd8 21.Rd3 Bc4 22.Rxd8 Kxd8
23.Rd1+ Kc8 24.Bb3 b5 25.a4 bxa4 26.Bxa4 Be6 27.Bb3 Rc6 28.Ra1 Kb7 29.Ra4 Rd6
30.Kc1 f6 31.h4 Bd7 32.Rb4+ Kc7 33.Bg8 h6 34.Bh7 a5 35.Re4 a4 36.f4 exf4
37.Rxf4 g5 38.Rc4+ Kd8 39.hxg5 hxg5 40.Rd4 Ke7 41.Be4 f5 42.Bb7 Ke6 43.Rc4 Ke5
44.g3 Rb6 45.Rb4 Rh6 46.Rd4 Rd6 47.Rc4 g4 48.Rc5+ Kf6 49.c4 Ke7 50.Re5+ Re6
51.Rd5 Re1+ 52.Kb2 Be6 53.Ra5 Re3 54.Rxa4 Rxg3 55.c5 Rh3 56.Rd4 g3 57.Rd2 Rh2
58.Bg2 Rh4 59.c6 Rc4 60.Rd3 f4 61.c3 Bg4 62.Kb3 Be6 63.Kb2 Kf6 64.Rd8 Ke7
65.Rd3 Bf5 66.Rd5 Be6 67.Rd3 Kf6 68.Rd8 Ke5 69.Re8 Kd6 70.Rd8+ Ke7 71.Rd3  1/2-1/2

[Event "8th South Wales Int"]
[Site "Penarth WLS"]
[Date "2011.07.12"]
[Round "6.1"]
[White "Radulski,J"]
[Black "Gretarsson,Hj"]
[Result "1/2-1/2"]
[WhiteElo "2556"]
[BlackElo "2437"]

1.e4 c5 2.Nc3 Nc6 3.Nf3 e6 4.d4 cxd4 5.Nxd4 Qc7 6.g3 a6 7.Bg2 d6 8.O-O Bd7
9.Re1 Be7 10.Nxc6 Bxc6 11.Qd4 Nf6 12.Nd5 Bxd5 13.exd5 e5 14.Qd3 O-O 15.a4 Nd7
16.a5 f5 17.Be3 e4 18.Qb3 Ne5 19.Bb6 Qc4 20.Qxc4 Nxc4 21.Bd4 Bf6 22.Bxf6 Rxf6
23.Ra4 Rc8 24.b3 Ne5 25.c4 Rf7 26.Re3 g6 27.Bf1 Rfc7 28.Rb4 Kf7 29.Rb6 Ke7
30.Be2 Kd7 31.Kf1 Rb8 32.g4 Rf8 33.gxf5 gxf5 34.Rh3 f4 35.c5 f3 36.Rxh7+ Kc8
37.Rxc7+ Kxc7 38.cxd6+ Kc8 39.Bc4 Rh8 40.d7+ Nxd7 41.Re6 Rxh2 42.Ke1 Nc5
43.Re7 Nd3+ 44.Kd2 Rxf2+ 45.Kc3 Nb2 46.Rxe4 Nxc4 47.Kxc4 Rc2+ 48.Kd3 f2 49.Rf4 Ra2
50.Kd4 Kc7 51.b4 Rd2+ 52.Kc3  1/2-1/2

[Event "3rd International Open"]
[Site "Rethymno GRE"]
[Date "2011.07.12"]
[Round "2"]
[White "Lindholt,M"]
[Black "Livner,A"]
[Result "1-0"]
[WhiteElo "2084"]
[BlackElo "2371"]

1.e4 c5 2.Nf3 e6 3.d4 cxd4 4.Nxd4 Nc6 5.Nc3 Qc7 6.Be3 a6 7.Qd2 Nf6 8.f3 Be7
9.O-O-O O-O 10.g4 b5 11.Kb1 Ne5 12.g5 Nh5 13.Qg2 Rb8 14.Bd3 Nc4 15.Bc1 Bc5
16.Nce2 g6 17.f4 e5 18.fxe5 Qxe5 19.c3 Bb7 20.Rhe1 Nd6 21.Nf3 Qg7 22.Nf4 Nxf4
23.Bxf4 Rbe8 24.e5 Nc8 25.Be4 Bxe4+ 26.Rxe4 Rd8 27.b4 Ba7 28.Qg4 Nb6 29.Be3 d5
30.Rf4 Rc8 31.Rd3 Rfd8 32.e6 Rc7 33.Bd4 Qf8 34.Ne5  1-0

[Event "3rd International Open"]
[Site "Rethymno GRE"]
[Date "2011.07.12"]
[Round "2"]
[White "Klokas,K"]
[Black "Felgaer,R"]
[Result "0-1"]
[WhiteElo "2178"]
[BlackElo "2573"]

1.e4 c5 2.Nf3 Nc6 3.d4 cxd4 4.Nxd4 e6 5.Nc3 a6 6.Nxc6 bxc6 7.Bd3 d5 8.O-O Qc7
9.Qe2 Bb7 10.Bd2 Nf6 11.f4 Be7 12.Rae1 Nd7 13.Na4 O-O 14.Rf3 dxe4 15.Qxe4 g6
16.Rh3 c5 17.Qe2 Bf6 18.Be4 Bd4+ 19.Kh1 Bxe4 20.Qxe4 Rfd8 21.c3 Bg7 22.Be3 c4
23.Bd4 Rab8 24.Rf3 Bxd4 25.cxd4 Qa5 26.Nc3 Rxb2 27.f5 exf5 28.Qe7 Nf8 29.g4 Rd7
30.Qe8 fxg4  0-1

[Event "Lev Polugaevsky Mem"]
[Site "Samara RUS"]
[Date "2011.07.12"]
[Round "8"]
[White "Dvoirys,S"]
[Black "Geller,J"]
[Result "1/2-1/2"]
[WhiteElo "2554"]
[BlackElo "2535"]

1.e4 c5 2.Nf3 e6 3.d4 cxd4 4.Nxd4 Nc6 5.Nc3 Qc7 6.Be2 a6 7.O-O Nf6 8.Kh1 Be7
9.f4 d6 10.Bf3 O-O 11.g4 Nd7 12.g5 Nxd4 13.Qxd4 b5 14.a4 bxa4 15.Rxa4 Bb7
16.f5 Ne5 17.Bg2 Rfe8 18.Qf2 Bf8 19.Bf4 Rab8 20.fxe6 fxe6 21.Bxe5 dxe5 22.g6 hxg6
23.Qg3 Bc6 24.Rxa6 Rxb2 25.Qxg6 Rxc2 26.Bh3 Rxc3 27.Bxe6+ Rxe6 28.Qxe6+ Kh7
29.Qf5+ g6 30.Qxf8 Bxe4+ 31.Kg1 Qc5+ 32.Qxc5 Rxc5 33.Rfa1 Kg7 34.R6a5 Rxa5
35.Rxa5 Kf6 36.Kf2 Kf5 37.Ke3 g5 38.Rb5 Bc6 39.Rb6 Bd5 40.Rb8 Bc6 41.Rf8+ Kg4
42.Rf6 Bb7 43.Rb6 Ba8 44.Rb4+ Kf5 45.Kf2 Be4 46.Kg3 Bc2 47.Rb2 Bd1 48.Rd2 Bh5
49.Rf2+ Ke6 50.Rf8 e4 51.Kf2 Bf3 52.Ke3 g4 53.Kf4 Kd5 54.Rd8+ Kc4 55.Ke3 Kc5
56.Rc8+ Kd5 57.Rg8 Ke5 58.Rg5+ Kf6 59.Ra5 Ke6 60.Kd4 Kf6 61.Ra8 Ke6 62.Re8+ Kf7
63.Rb8 Ke6  1/2-1/2

[Event "Lev Polugaevsky Mem"]
[Site "Samara RUS"]
[Date "2011.07.12"]
[Round "8"]
[White "Kovalenko,I"]
[Black "Papin,V"]
[Result "1/2-1/2"]
[WhiteElo "2567"]
[BlackElo "2565"]

1.e4 c5 2.Nf3 e6 3.d4 cxd4 4.Nxd4 Nc6 5.Nc3 Qc7 6.Be3 a6 7.Qd2 Nf6 8.O-O-O Bb4
9.f3 Ne7 10.Nde2 b5 11.Bf4 e5 12.Bg5 h5 13.Kb1 Ba5 14.a3 Bb7 15.Qd6 Qxd6
16.Rxd6 Bc7 17.Rd1 Rd8 18.Nc1 d5 19.Bd3 dxe4 20.Nxe4 Nxe4 21.Bxe4 Bxe4 22.fxe4 f6
23.Rxd8+ Bxd8 24.Be3 f5 25.exf5 Nxf5 26.Re1 Kf7 27.Nd3 Re8 28.Nc5 Bb6 29.Bg1 Bxc5
30.Bxc5 g5 31.Kc1 g4 32.Kd2 Ke6 33.Bf2 Rd8+ 34.Ke2 Rc8 35.Kd3 Rd8+ 36.Ke2 Rc8
37.Kd3 Rd8+ 38.Ke2 Rc8 39.Rc1 Nd6 40.b3 Kd5 41.Rd1+ Ke6 42.Ke3 e4 43.Kd2 Nf5
44.Rc1 Kd5 45.c3 h4 46.Bg1 Rc6 47.Kc2 Ke5 48.Ba7 e3 49.Kd3 Rd6+ 50.Bd4+ Nxd4
51.cxd4+ Rxd4+ 52.Kxe3 Re4+ 53.Kd3 Rd4+  1/2-1/2

[Event "Lev Polugaevsky Mem"]
[Site "Samara RUS"]
[Date "2011.07.12"]
[Round "8"]
[White "Sadykov,Ra"]
[Black "Zaynutdinov,I"]
[Result "1-0"]
[WhiteElo "2230"]
[BlackElo "1973"]

1.e4 c5 2.Nc3 e6 3.Nf3 Nc6 4.d4 cxd4 5.Nxd4 d6 6.Be3 Nf6 7.g4 a6 8.g5 Nd7
9.f4 Qc7 10.Qd2 b5 11.Nxc6 Qxc6 12.Bg2 Bb7 13.Qd4 a5 14.a4 b4 15.Nb5 Ba6
16.O-O Bxb5 17.axb5 Qxb5 18.c3 Nc5 19.c4 Qb6 20.e5 dxe5 21.Qxe5 Ra6 22.Rad1 Rg8
23.f5 Bd6 24.Rxd6 Qxd6 25.Qxd6 Rxd6 26.Bxc5 Rd2 27.Bc6+ Kd8 28.fxe6 fxe6
29.Rf7 Kc8 30.Ra7 Rgd8 31.Bb6 Rd1+ 32.Kf2 R1d2+ 33.Ke3 R2d3+ 34.Ke4  1-0

[Event "XX Adolf Anderssen Memorial Final"]
[Site "Wroclaw POL"]
[Date "2011.07.12"]
[Round "2.1"]
[White "Kozakov,M"]
[Black "Cyborowski,L"]
[Result "1/2-1/2"]
[WhiteElo "2471"]
[BlackElo "2537"]

1.e4 c5 2.Nf3 e6 3.d4 cxd4 4.Nxd4 Nc6 5.Nc3 Qc7 6.Be3 Nf6 7.Bd3 a6 8.O-O Nxd4
9.Bxd4 Bc5 10.Be2 e5 11.Bxc5 Qxc5 12.Qd2 b5 13.a3 Bb7 14.Rad1 O-O 15.Bf3 Rac8
16.Rfe1 Rfd8 17.Re2 h6 18.h4 a5 19.Qd6 Qxd6 20.Rxd6 Bc6 21.Nd5 Bxd5 22.exd5 Re8
23.g4 e4 24.Bg2 Re5 25.f4 Rxd5 26.Rxd5 Nxd5 27.Rxe4 Nf6 28.Re5 Rxc2 29.Rxb5 Rc1+
30.Kh2 Nxg4+ 31.Kg3 Ne3 32.Be4 f5 33.Bxf5 Nxf5+ 34.Rxf5 Rc2 35.Rb5 Kf7 36.h5 Ke6
37.Kf3 d5 38.a4 Rc4 39.b3 Rc3+ 40.Kg4 d4 41.f5+ Kd6 42.Kf4 Re3 43.Rb7 Rc3
44.Ke4 d3 45.Ke3 Rc5 46.Kxd3 Rxf5 47.Rb6+ Kc7 48.Rg6 Rxh5 49.Rxg7+ Kc6 50.Kc4 Rh4+
51.Kc3 Rh3+  1/2-1/2

[Event "St Pauli Open"]
[Site "Hamburg GER"]
[Date "2011.07.13"]
[Round "6.16"]
[White "Schroeder,Christo"]
[Black "Borgmeyer,M"]
[Result "1/2-1/2"]
[WhiteElo "2247"]
[BlackElo "2140"]

1.e4 c5 2.Nc3 Nc6 3.Nf3 e6 4.d4 cxd4 5.Nxd4 Nf6 6.Ndb5 Bc5 7.Bf4 O-O 8.Bc7 Qe7
9.Bd6 Bxd6 10.Qxd6 Ne8 11.Qxe7 Nxe7 12.Bd3 f5 13.O-O a6 14.Nd4 fxe4 15.Bxe4 Nf6
16.Bf3 e5 17.Nb3 d5 18.Rad1 e4 19.Be2 b5 20.Nd4 Bd7 21.a3 Rab8 22.f3 b4 23.axb4 Rxb4
24.fxe4 dxe4 25.b3 Rc8 26.Bc4+ Rbxc4 27.bxc4 Rxc4 28.Rxf6 gxf6 29.Nxe4 Kg7
30.Nd6 Ra4 31.c4 Nc6 32.Nb3 Bg4 33.Rd3 Ne5 34.Rg3 Kf8 35.Nc5 Ra1+ 36.Kf2 Ke7
37.Nde4 f5 38.Nc3 Kd6 39.Nb3 Ra3 40.Nd4 Kd7 41.Nd5 Ra2+ 42.Kg1 Ra1+  1/2-1/2

[Event "ch-Central Serbia Int Open B"]
[Site "Paracin SRB"]
[Date "2011.07.13"]
[Round "7.11"]
[White "Arsic,D"]
[Black "Jovic,B"]
[Result "1/2-1/2"]
[WhiteElo "1854"]
[BlackElo "1981"]

1.e4 c5 2.Nf3 e6 3.d4 cxd4 4.Nxd4 Nc6 5.Nc3 Qc7 6.Be3 Nf6 7.Be2 a6 8.O-O Be7
9.f4 d6 10.Bf3 O-O 11.Nb3 Bd7 12.Qe1 Rac8 13.a3 b5 14.Qg3 Rfd8 15.Rad1 Ne8
16.Ne2 Bf6 17.c3 a5 18.Ned4 Qb8 19.Nxc6 Bxc6 20.Nxa5 Ba8 21.Qf2 Rd7 22.Nb3 Qc7
23.Nd4 Qa5 24.e5 dxe5 25.fxe5 Bxe5 26.Nc6 Bxc6 27.Bxc6 Bxh2+ 28.Kh1 Bg3 29.Qxg3 Rxd1
30.Rxd1 b4 31.Bf3 bxc3 32.bxc3 Qxa3 33.Bb7 Qa5 34.Qh4 Rb8 35.Bf4 e5 36.Rd5 Qa1+
37.Kh2 Qa4 38.Rxe5 Rxb7 39.c4 Nf6 40.Bg5 Rb6 41.Qd4 Rb8 42.Bxf6 gxf6 43.Re7 Qc6
44.Qg4+ Kf8 45.Re3 Qd6+ 46.Rg3 Rb3 47.Kh3 Rxg3+ 48.Qxg3 Qe6+ 49.Qg4 Qe3+
50.g3 Qc5 51.Qe4 h5 52.Qh4 Qf5+ 53.Kg2 Qc2+ 54.Kf3 Qd3+ 55.Kf2 Qd2+ 56.Kf3 Qd3+  1/2-1/2

[Event "3rd International Open"]
[Site "Rethymno GRE"]
[Date "2011.07.13"]
[Round "4"]
[White "Georgiadis,I"]
[Black "Felgaer,R"]
[Result "1/2-1/2"]
[WhiteElo "2464"]
[BlackElo "2573"]

1.e4 c5 2.Nf3 Nc6 3.d4 cxd4 4.Nxd4 e6 5.Nc3 a6 6.Nxc6 bxc6 7.Bd3 d5 8.O-O Qc7
9.Re1 Bb7 10.exd5 cxd5 11.Qh5 Qc6 12.Bg5 Nf6 13.Bxf6 gxf6 14.Rad1 Bb4 15.a3 Bxc3
16.bxc3 Rd8 17.Qh4 Ke7 18.Qb4+ Rd6 19.c4 a5 20.Qxa5 Ra8 21.cxd5 Rxa5 22.dxc6 Bxc6
23.Ra1 f5 24.Reb1 Rd4 25.f3 Rda4 26.Rb3 Bd5 27.Rb5 Ra7 28.Kf2 Kf6 29.Ke3 Rxa3
30.Rxa3 Rxa3 31.Rc5 Ra2 32.g4 fxg4 33.fxg4 h6 34.h4 Ra1 35.c4 Bg2 36.g5+ hxg5
37.hxg5+ Kg7 38.Rc7 Kf8 39.Be2 Rb1 40.Bh5 Rb7 41.Rxb7 Bxb7 42.Bf3 Ba6 43.c5 e5
44.Bd5 Kg7 45.Ke4 f6 46.Kf5 fxg5 47.Kxg5 Kf8 48.Kf6 Ke8 49.Ke6 Kd8 50.Kd6 Bb5  1/2-1/2

[Event "Najdorf Memorial"]
[Site "Warsaw POL"]
[Date "2011.07.13"]
[Round "1"]
[White "Johansson,Th2"]
[Black "Piorun,K"]
[Result "0-1"]
[WhiteElo "2158"]
[BlackElo "2514"]

1.e4 c5 2.Nf3 e6 3.d4 cxd4 4.Nxd4 Nc6 5.Nc3 d6 6.Be3 Nge7 7.Be2 Nxd4 8.Qxd4 Nc6
9.Qd2 Be7 10.O-O-O a6 11.Na4 b5 12.Nb6 Rb8 13.Nxc8 Rxc8 14.Kb1 O-O 15.h4 Qc7
16.Bg5 Rfd8 17.Bxe7 Nxe7 18.f4 d5 19.e5 b4 20.Bd3 a5 21.g4 Nc6 22.Rde1 a4
23.Rh3 Qb8 24.h5 Na5 25.f5 Nc4 26.f6 Nxd2+  0-1

[Event "Open ch-SVK A"]
[Site "Banska Stiavnica SVK"]
[Date "2011.07.14"]
[Round "6"]
[White "Skara,V"]
[Black "Butkiewicz,L"]
[Result "0-1"]
[WhiteElo "2216"]
[BlackElo "2435"]

1.e4 c5 2.Nf3 e6 3.d4 cxd4 4.Nxd4 Nc6 5.Nc3 Qc7 6.Nxc6 bxc6 7.Bd3 Nf6 8.O-O d6
9.b3 Be7 10.Bb2 e5 11.Qd2 O-O 12.f4 Nd7 13.Ne2 exf4 14.Qxf4 Ne5 15.Kh1 Bd7
16.Nd4 Rae8 17.Qg3 Kh8 18.Rf2 Qd8 19.Nf3 Bf6 20.Nxe5 Bxe5 21.Bxe5 Rxe5 22.c4 Qe7
23.Rd2 Rg5 24.Qf2 Qe5 25.Rad1 Rg6 26.Be2 Rh6 27.g3 Qxe4+ 28.Bf3 Qe5 29.Kg1 a5
30.Qd4 Qf5 31.Bg2 Re8 32.Qa7 Rf6 33.c5 d5 34.Qxa5 Qe5 35.Rd3 Bg4 36.Rc1 Bf5
37.Rf3 Qd4+ 38.Rf2 Bd3 39.Qd2 Re2  0-1

[Event "13th Sant Marti Open"]
[Site "Barcelona ESP"]
[Date "2011.07.14"]
[Round "2"]
[White "Vidarte Morales,A"]
[Black "Gonzalez Garcia,J2"]
[Result "0-1"]
[WhiteElo "2359"]
[BlackElo "2522"]

1.e4 c5 2.Nf3 e6 3.d4 cxd4 4.Nxd4 Nc6 5.Nc3 d6 6.Be3 Nf6 7.f3 Be7 8.Qd2 O-O
9.O-O-O a6 10.Kb1 Qc7 11.g4 Nxd4 12.Bxd4 b5 13.h4 Nd7 14.Bd3 Ne5 15.f4 Nf3
16.Qf2 Nxd4 17.Qxd4 Qa7 18.Qxa7 Rxa7 19.g5 Rc7 20.f5 Rc5 21.Rhf1 Bb7 22.Rf4 g6
23.Rdf1 Re5 24.a3 d5 25.fxe6 fxe6 26.exd5 Rxf4 27.Rxf4 exd5 28.Ne2 Bc8 29.Nd4 Re1+
30.Ka2 Bd6 31.Rf6 Be5 32.Rc6 Bd7 33.Nf3 Bxc6 34.Nxe1 d4 35.Be2 Bd5+ 36.b3 Bg3
37.Bf3 Be6 38.Ng2 a5 39.Kb2 b4 40.axb4 axb4 41.Kc1 Bh3 42.Kd2 Bxg2 43.Bxg2 Bxh4
44.Kd3 Bxg5 45.Kxd4 Bf6+ 46.Kd3 Bc3 47.Bd5+ Kg7 48.Ke4 Kf6 49.Bg8 h5 50.Bc4 g5
51.Bb5 g4 52.Be8 Kg5 53.Bf7 h4 54.Be6 h3 55.Ke3 Kh4 56.Bd5 g3  0-1

[Event "13th Sant Marti Open"]
[Site "Barcelona ESP"]
[Date "2011.07.14"]
[Round "2"]
[White "Mestre Bellido,H"]
[Black "Aroshidze,L"]
[Result "1/2-1/2"]
[WhiteElo "2380"]
[BlackElo "2539"]

1.e4 c5 2.Nf3 e6 3.d4 cxd4 4.Nxd4 Nc6 5.Nc3 Qc7 6.g3 a6 7.Bg2 Nf6 8.O-O d6
9.Re1 Nd7 10.Nxc6 bxc6 11.b3 Be7 12.Ba3 Bb7 13.Qd2 O-O 14.Rad1 c5 15.Ne2 a5
16.Nf4 a4 17.b4 cxb4 18.Bxb4 Nc5 19.Nd3 Rfd8 20.Qc3 Na6 21.Qxc7 Nxc7 22.e5 Bxg2
23.Kxg2 Nd5 24.exd6 Bf8  1/2-1/2

[Event "21st Heart of Finland"]
[Site "Jyvaskyla FIN"]
[Date "2011.07.14"]
[Round "5"]
[White "Lauk,U"]
[Black "Kiuttu,R"]
[Result "1/2-1/2"]
[WhiteElo "2403"]
[BlackElo "2283"]

1.e4 c5 2.Nf3 e6 3.d4 cxd4 4.Nxd4 Nc6 5.Nc3 Qc7 6.Be3 a6 7.Qd2 Nf6 8.O-O-O Bb4
9.f3 Ne5 10.Nb3 b5 11.Qd4 Nc6 12.Qb6 Qxb6 13.Bxb6 Be7 14.Be2 O-O 15.Bc5 Bxc5
16.Nxc5 Rd8 17.Rd6 Kf8 18.Rhd1 Ke7 19.f4 Ne8 20.e5 Nxd6 21.exd6+ Ke8 22.Bf3 Rb8
23.Bxc6 dxc6 24.b4 Ra8 25.Kb2 a5 26.a3 Ra7 27.N3e4 f6 28.g4 Kf7 29.h3 h6
30.Nb3 axb4 31.axb4 Bd7 32.Na5 Rda8 33.Nc5 Ke8 34.Re1 Kf7 35.Rd1 Ke8 36.Re1 Kf7
37.Rd1  1/2-1/2

[Event "21st Heart of Finland"]
[Site "Jyvaskyla FIN"]
[Date "2011.07.14"]
[Round "6"]
[White "Koykka,P"]
[Black "Kiik,K"]
[Result "1-0"]
[WhiteElo "2205"]
[BlackElo "2425"]

1.e4 c5 2.Nf3 e6 3.d4 cxd4 4.Nxd4 Nc6 5.Nc3 d6 6.Bc4 Nf6 7.Be3 a6 8.Bb3 Na5
9.Qf3 Nd7 10.O-O-O Nxb3+ 11.axb3 Qc7 12.Qg3 b5 13.Rhe1 Bb7 14.Kb1 g6 15.Bg5 Bg7
16.Ndxb5 axb5 17.Nxb5 Qa5 18.Nxd6+ Kf8 19.c3 Be5 20.Bf4 Bc6 21.Nc4 Qa2+ 22.Kc2 Ba4
23.bxa4 Qxc4 24.Bxe5 Qxa4+ 25.Kc1 f6 26.Bd6+ Kg7 27.Ba3 Ne5 28.Rd4 Qb5 29.Red1 Rhb8
30.Rb4 Qc6 31.Rxb8 Rxb8 32.Qe3 Rb5 33.Qa7+ Rb7 34.Qc5 Qxe4 35.Qf8+  1-0

[Event "5th LCT Open A"]
[Site "Leiden NED"]
[Date "2011.07.14"]
[Round "6"]
[White "Tiviakov,S"]
[Black "Pena Gomez,M"]
[Result "1-0"]
[WhiteElo "2623"]
[BlackElo "2420"]

1.e4 c5 2.Nc3 e6 3.Nf3 Nc6 4.d4 cxd4 5.Nxd4 Qc7 6.g3 a6 7.Bg2 b5 8.O-O Bb7
9.Re1 b4 10.Nd5 Qd8 11.Bf4 Rc8 12.Nf5 d6 13.Qg4 g6 14.Bg5 f6 15.Nxd6+ Qxd6
16.Nxf6+ Nxf6 17.Bxf6 Ne5 18.Qh3 Nf7 19.Bxh8 Nxh8 20.Qxh7 Nf7 21.e5 Qb6 22.Bxb7 Rxc2
23.Rac1 Qxf2+ 24.Kh1 Bc5 25.Rf1 Rxc1 26.Rxc1 Qe3 27.Rf1 Nxe5 28.Qh8+ Ke7
29.Qf8+ Kd7 30.Qc8+ Kd6 31.Qb8+ Kd7 32.Bc8+ Ke7 33.Qb7+ Ke8 34.Bxe6 g5 35.Bb3 Bd4
36.Ba4+  1-0

[Event "Najdorf Memorial"]
[Site "Warsaw POL"]
[Date "2011.07.14"]
[Round "1.22"]
[White "Licznerski,L"]
[Black "Zozulia,A"]
[Result "1-0"]
[WhiteElo "2122"]
[BlackElo "2381"]

1.e4 c5 2.Nf3 e6 3.d4 cxd4 4.Nxd4 Nc6 5.Nc3 Qc7 6.Be2 a6 7.Be3 Nf6 8.f4 Bb4
9.Bf3 Na5 10.e5 Nc4 11.Bc1 Nxb2 12.Bxb2 Bxc3+ 13.Bxc3 Qxc3+ 14.Kf2 Ng8 15.Rb1 Qc7
16.Qd3 Rb8 17.Nb3 b5 18.Nd2 Qa7+ 19.Qe3 Qxe3+ 20.Kxe3 f6 21.Ne4 fxe5 22.fxe5 Nh6
23.Nd6+ Ke7 24.a4 Nf7 25.Nxf7 Kxf7 26.Rb4 Bb7 27.Bxb7 Rxb7 28.c4 Rc8 29.Rhb1 Rc5
30.axb5 axb5 31.Kd4 Rbc7 32.cxb5 Rd5+ 33.Ke4 d6 34.exd6 Rxd6 35.Rd4 Rb6 36.Kd3 Ke7
37.Rc4 Rcb7 38.Rc5 Kd6 39.Kc4 Ke7 40.Rb4 Rd7 41.Rb2 Rbd6 42.Kb4 Rb7 43.Rbc2 Kd7
44.Rc6 Rd4+ 45.Ka5 Rd5 46.R2c5 Rd2 47.Ka6 Rb8 48.Rc2 Rd1 49.b6 Ra1+ 50.Kb5 Ke7
51.Rc7+ Kd6 52.Rd2+ Ke5 53.Rb2 Rd8 54.b7  1-0

[Event "SPA Open A"]
[Site "Amsterdam NED"]
[Date "2011.07.15"]
[Round "7"]
[White "Van Assendelft,F"]
[Black "Vroombout,E"]
[Result "1-0"]
[WhiteElo "2393"]
[BlackElo "2175"]

1.e4 c5 2.Nf3 e6 3.d4 cxd4 4.Nxd4 Nc6 5.Nc3 Qc7 6.Be2 a6 7.Be3 Nf6 8.a3 Be7
9.g4 d6 10.g5 Nd7 11.h4 Nb6 12.Nxc6 Qxc6 13.Qd4 Nd7 14.Qxg7 Rf8 15.Qxh7 b5
16.g6 Nf6 17.gxf7+ Rxf7 18.Qg6  1-0

[Event "2nd Girona Open"]
[Site "Girona ESP"]
[Date "2011.07.15"]
[Round "2"]
[White "Gimenez Aguirre,Ismael Alejo"]
[Black "Parals Marce,L"]
[Result "0-1"]
[WhiteElo "1712"]
[BlackElo "2077"]

1.e4 c5 2.Nf3 e6 3.d4 cxd4 4.Nxd4 Nc6 5.Nc3 Qc7 6.Ndb5 Qb8 7.Be3 a6 8.Nd4 Qc7
9.g3 d6 10.Bg2 Bd7 11.O-O Be7 12.f4 Nf6 13.h3 O-O 14.Qd2 Na5 15.b3 d5 16.e5 Bb4
17.Nde2 Ne4 18.Bxe4 dxe4 19.a3 Bxc3 20.Nxc3 Rfd8 21.Bd4 Nc6 22.Rad1 Nxd4
23.Qxd4 Rac8 24.Nxe4 Bb5 25.Qc5 Qxc5+ 26.Nxc5 Bxf1 27.Rxd8+ Rxd8 28.Kxf1 Rc8
29.Nxb7 Rxc2 30.Na5 Kf8 31.a4 Ke8 32.Kg1 Kd7 33.b4 Kc7 34.b5 axb5 35.axb5 Kb6
36.Nc6 Rd2 37.Ne7 Kxb5 38.Nc8 Kc5 39.h4 f6 40.Nd6 Kd5 41.Ne8 fxe5 42.fxe5 Kxe5
43.Nxg7 Kd5 44.Nh5 Ke5 45.Kf1 Ra2 46.Kg1 Kf5 47.Ng7+ Ke5 48.Nh5 Kd6 49.Nf6  0-1

[Event "III Corporation Cup A"]
[Site "Izhevsk RUS"]
[Date "2011.07.15"]
[Round "1"]
[White "Tsvetkov,Pavel"]
[Black "Krutko,A"]
[Result "0-1"]
[WhiteElo "2062"]
[BlackElo "2386"]

1.e4 c5 2.Nf3 e6 3.d4 cxd4 4.Nxd4 Nc6 5.Nc3 d6 6.Be3 Nf6 7.Be2 a6 8.O-O Be7
9.f4 Qc7 10.Qe1 O-O 11.Qg3 Bd7 12.Rad1 Kh8 13.Bd3 Nb4 14.Be2 Rac8 15.a3 Nc6
16.Bd3 Rfe8 17.Nxc6 Bxc6 18.e5 dxe5 19.fxe5 Nh5 20.Qg4 Qxe5 21.Bd4 Bc5 22.Bxc5 Qxc5+
23.Kh1 Rc7 24.Ne4 Bxe4 25.Qxe4 f5 26.Qh4 g6 27.Be2 Ng7 28.Rd8 Qe7 29.Rxe8+ Nxe8
30.Qh6 Rxc2 31.Bf3 Rxb2 32.Rd1 Nf6 33.Rc1 Ng8 34.Qe3 Ra2 35.Qe5+ Qf6 36.Qe1 Rxa3
37.Bxb7 a5 38.Ba6 Ne7 39.Bc4 e5 40.Rb1 e4 41.Qd1 Kg7 42.h3 f4 43.Qe1 Nf5
44.Qc1 Ng3+ 45.Kh2 Rc3 46.Rb7+ Kh6 47.Qa1 Nh5 48.Qxa5 Rxc4 49.Qa7 Ng7 50.Rf7 Qg5
51.Qa1 Nf5  0-1